[Event "Edmonton-ch"]
[Site "Edmonton, CAN"]
[Date "2019.01.31"]
[Round "2.2"]
[White "Villavieja, Butch"]
[Black "Kalisvaart, Peter"]
[Result "0-1"]
[WhiteElo "2166"]
[BlackElo "2090"]
[PlyCount "108"]
[EventDate "2019.01.10"]
[EventType "k.o."]
[EventRounds "4"]
[EventCountry "CAN"]

1. Nf3 Nc6 2. d4 d5 3. e3 Bg4 4. Be2 e6 5. O-O Nf6 6. Nbd2 Be7 7. c4 O-O 8. a3
a5 9. b3 Ne4 10. Nxe4 dxe4 11. Nd2 Bxe2 12. Qxe2 f5 13. f4 Nxd4 14. Qf2 Bf6 15.
Rb1 Nc6 16. Qe2 Qd3 17. Qxd3 exd3 18. Bb2 e5 19. e4 exf4 20. Bxf6 Rxf6 21. Rxf4
Nd4 22. Rf2 Re8 23. exf5 Rxf5 24. Rxf5 Nxf5 25. Nf3 Ne3 26. Kf2 a4 27. bxa4
Nxc4 28. Rxb7 Re2+ 29. Kg3 d2 30. Rb8+ Kf7 31. Rd8 Nd6 32. Nxd2 Rxd2 33. Rd7+
Kf6 34. Rxc7 Rd3+ 35. Kf2 Rxa3 36. Ra7 Ne4+ 37. Kf1 Ra1+ 38. Ke2 Rxa4 39. Rc7
Ra2+ 40. Kf3 Ng5+ 41. Kg3 Ne6 42. Rb7 h5 43. Rb6 g5 44. h3 Rd2 45. Kf3 Ke5 46.
Rb5+ Rd5 47. Rb8 Rd3+ 48. Kf2 Rd2+ 49. Kf1 Kf4 50. Kg1 Nd4 51. Rg8 g4 52. hxg4
hxg4 53. Re8 Kg3 54. Re3+ Nf3+ 0-1

[Event "Edmonton-ch"]
[Site "Edmonton, CAN"]
[Date "2019.02.07"]
[Round "3.1"]
[White "Kalisvaart, Peter"]
[Black "Valencia, Belsar"]
[Result "0-1"]
[WhiteElo "2090"]
[BlackElo "2346"]
[PlyCount "84"]
[EventDate "2019.01.10"]
[EventType "k.o."]
[EventRounds "4"]
[EventCountry "CAN"]

1. d4 Nf6 2. c4 g6 3. Nc3 Bg7 4. e4 d6 5. Be2 O-O 6. h4 c5 7. dxc5 dxc5 8. Be3
Qxd1+ 9. Rxd1 Na6 10. Nh3 Ng4 11. Bg5 f6 12. Bc1 Nb4 13. Nd5 Nc6 14. h5 g5 15.
f3 Nge5 16. Nf2 h6 17. Be3 b6 18. g3 Nf7 19. O-O e6 20. Nc7 Rb8 21. f4 Rb7 22.
Nb5 Rd8 23. Rxd8+ Ncxd8 24. Rd1 a6 25. Nd6 Nxd6 26. Rxd6 Nf7 27. Rd2 Bf8 28.
Ng4 Be7 29. fxg5 hxg5 30. Bf1 f5 31. exf5 exf5 32. Bg2 Rd7 33. Rxd7 Bxd7 34.
Nf2 Kg7 35. Bd5 Ne5 36. b4 Kh6 37. bxc5 Bxc5 38. Bxc5 bxc5 39. Kg2 g4 40. Nd1
Kxh5 41. Nb2 Kg5 42. a4 a5 0-1

[Event "Edmonton-ch"]
[Site "Edmonton, CAN"]
[Date "2019.02.07"]
[Round "3.1"]
[White "Reeve, Jeff"]
[Black "Miller, David"]
[Result "1-0"]
[WhiteElo "2258"]
[BlackElo "2182"]
[PlyCount "81"]
[EventDate "2019.01.10"]
[EventType "k.o."]
[EventRounds "4"]
[EventCountry "CAN"]

1. c4 Nf6 2. g3 g6 3. Bg2 Bg7 4. Nc3 O-O 5. e4 d6 6. Nge2 e5 7. O-O Nbd7 8. d3
c6 9. h3 h5 10. Bg5 Qe8 11. Qd2 Nh7 12. Bh6 Bxh6 13. Qxh6 Nc5 14. Qe3 Qe7 15.
f4 a5 16. Rad1 exf4 17. gxf4 f5 18. e5 dxe5 19. fxe5 g5 20. d4 f4 21. Qd2 Na6
22. Ne4 c5 23. N2c3 cxd4 24. Qxd4 Nb4 25. Nd5 Nxd5 26. cxd5 Rf5 27. d6 Qxe5 28.
d7 Bxd7 29. Qxd7 Raf8 30. Qd6 Qxb2 31. Qg6+ Qg7 32. Qxh5 g4 33. Qxg4 Ng5 34.
Nxg5 Rxg5 35. Qe2 Rg3 36. Rf3 Qc7 37. Rxg3+ fxg3 38. Qg4+ Kh8 39. Qh4+ Kg8 40.
Bd5+ Kg7 41. Qg5+ 1-0

[Event "Edmonton-ch"]
[Site "Edmonton, CAN"]
[Date "2019.02.14"]
[Round "3.2"]
[White "Miller, David"]
[Black "Reeve, Jeff"]
[Result "0-1"]
[WhiteElo "2182"]
[BlackElo "2258"]
[PlyCount "58"]
[EventDate "2019.01.10"]
[EventType "k.o."]
[EventRounds "4"]
[EventCountry "CAN"]

1. e4 c5 2. Nf3 d6 3. d4 cxd4 4. Nxd4 Nf6 5. Nc3 g6 6. Be3 Bg7 7. f3 O-O 8. Qd2
Nc6 9. Bc4 Bd7 10. O-O-O Rc8 11. Bb3 Nxd4 12. Bxd4 b5 13. Kb1 b4 14. Nd5 Nxd5
15. Bxg7 Kxg7 16. exd5 a5 17. Qd4+ Kg8 18. h4 Qc7 19. h5 a4 20. hxg6 fxg6 21.
Rxh7 Kxh7 22. Rh1+ Kg8 23. Rh8+ Kf7 24. Qf4+ Bf5 25. Rh7+ Ke8 26. Bxa4+ Kd8 27.
Bc6 Qxc6 28. dxc6 Bxc2+ 29. Kxc2 Rxc6+ 0-1

[Event "Edmonton-ch"]
[Site "Edmonton, CAN"]
[Date "2019.02.14"]
[Round "3.2"]
[White "Valencia, Belsar"]
[Black "Kalisvaart, Peter"]
[Result "1/2-1/2"]
[WhiteElo "2346"]
[BlackElo "2090"]
[PlyCount "142"]
[EventDate "2019.01.10"]
[EventType "k.o."]
[EventRounds "4"]
[EventCountry "CAN"]

1. c4 c5 2. Nc3 Nc6 3. g3 g6 4. Bg2 Bg7 5. Nf3 e6 6. b3 Nge7 7. Bb2 O-O 8. O-O
d6 9. e3 Nf5 10. Rb1 a6 11. d3 Rb8 12. a4 d5 13. cxd5 exd5 14. Ne2 d4 15. e4
Nd6 16. Ba3 b6 17. b4 cxb4 18. Bxb4 Nxb4 19. Rxb4 a5 20. Rb1 Bg4 21. Qb3 Bxf3
22. Bxf3 b5 23. Qd5 Qf6 24. Bg4 h5 25. Bh3 Rfd8 26. Qc5 bxa4 27. Nf4 Qe5 28.
Nd5 Rxb1 29. Rxb1 Nxe4 30. Ne7+ Kh7 31. Qxe5 Bxe5 32. Re1 Nd2 33. Bg2 Bd6 34.
Nc6 Rd7 35. Ra1 a3 36. Nxa5 Bb4 37. Nc6 Nb3 38. Ra2 Nc1 39. Ra1 Nxd3 40. Be4
Nc5 41. Nxb4 Nxe4 42. Rxa3 Nc5 43. Nd3 Nxd3 44. Rxd3 Kg7 45. Kf1 Kf6 46. Ke2
Kf5 47. f3 Re7+ 48. Kd2 Ke5 49. Ra3 Kd5 50. Ra8 Re3 51. Rd8+ Kc5 52. Rc8+ Kd6
53. Rd8+ Ke7 54. Rxd4 Rxf3 55. Ke2 Ra3 56. Rd2 h4 57. gxh4 Rh3 58. Rd4 Rxh2+
59. Kf3 f5 60. Kg3 Rh1 61. Ra4 Kf6 62. Ra6+ Kg7 63. Ra7+ Kh6 64. Ra8 Rg1+ 65.
Kh3 Re1 66. Rh8+ Kg7 67. Ra8 Re3+ 68. Kg2 Kf6 69. Ra6+ Re6 70. Ra8 Ke5 71. Kf3
Kf6 1/2-1/2

[Event "Edmonton-ch"]
[Site "Edmonton, CAN"]
[Date "2019.02.21"]
[Round "4.1"]
[White "Valencia, Belsar"]
[Black "Reeve, Jeff"]
[Result "1-0"]
[WhiteElo "2346"]
[BlackElo "2258"]
[PlyCount "153"]
[EventDate "2019.01.10"]
[EventType "k.o."]
[EventRounds "4"]
[EventCountry "CAN"]

1. Nf3 Nf6 2. d4 g6 3. c4 Bg7 4. g3 O-O 5. Bg2 d6 6. O-O Nbd7 7. Nc3 e5 8. e4
c6 9. h3 Qa5 10. Re1 Re8 11. d5 cxd5 12. cxd5 b5 13. a3 b4 14. Na4 Qb5 15. Bf1
Qb8 16. axb4 Qxb4 17. Bd2 Qb8 18. Ra3 Nb6 19. Nc3 Bd7 20. Kh2 Bf8 21. Qb3 Be7
22. Be3 Bd8 23. Rea1 Nc8 24. Nd2 Bb6 25. Bxb6 Nxb6 26. Nb5 Nc8 27. Ra6 Rd8 28.
R1a5 Ne8 29. Qe3 Nc7 30. Nxc7 Qxc7 31. Ra3 Rb8 32. Rc3 Qb7 33. b3 Bb5 34. Bxb5
Qxb5 35. Rac6 Ne7 36. Rc7 Rb7 37. Qg5 Rd7 38. R7c4 Kg7 39. Qe3 Qb6 40. Qxb6
axb6 41. Rc6 b5 42. Rc2 Ra7 43. Rb6 Rab7 44. Rxb7 Rxb7 45. Kg2 Kf8 46. f3 Ke8
47. Kf2 Kd7 48. Ra2 Kc7 49. Ra6 Rb6 50. Ra7+ Rb7 51. Ra6 Rb6 52. Ra5 Nc8 53.
Nb1 Kb7 54. Nc3 Na7 55. b4 Ra6 56. Rxa6 Kxa6 57. f4 f6 58. fxe5 fxe5 59. Kf3
Nc8 60. Kg4 Nb6 61. Kg5 Na4 62. Nd1 Kb6 63. Kh6 Nc5 64. Nf2 Na6 65. Nd3 Nc5 66.
bxc5+ dxc5 67. d6 c4 68. Nb4 c3 69. Nd5+ Kc6 70. Nxc3 b4 71. Na4 Kxd6 72. Kxh7
Kc6 73. Kxg6 Kb5 74. Nb2 b3 75. h4 Kb4 76. h5 Kc3 77. h6 1-0

[Event "Edmonton-ch"]
[Site "Edmonton, CAN"]
[Date "2019.02.28"]
[Round "4.2"]
[White "Reeve, Jeff"]
[Black "Valencia, Belsar"]
[Result "1/2-1/2"]
[WhiteElo "2258"]
[BlackElo "2346"]
[PlyCount "82"]
[EventDate "2019.01.10"]
[EventType "k.o."]
[EventRounds "4"]
[EventCountry "CAN"]

1. e4 c5 2. Nf3 d6 3. d4 cxd4 4. Nxd4 Nf6 5. Nc3 a6 6. h3 e6 7. g4 h6 8. Bg2
Nc6 9. O-O Bd7 10. Be3 Be7 11. f4 Nh7 12. Qd2 O-O 13. Rad1 Rc8 14. Nce2 Nxd4
15. Nxd4 Qc7 16. c3 e5 17. Nf5 Bxf5 18. exf5 b5 19. Kh1 Nf6 20. fxe5 dxe5 21.
Bxh6 Rfd8 22. Qg5 Ne8 23. Qc1 Rxd1 24. Rxd1 gxh6 25. Qxh6 Rd8 26. Rd5 Rxd5 27.
Bxd5 Qd6 28. Qg6+ Qxg6 29. fxg6 Nd6 30. Kg2 Bh4 31. Kf3 Kg7 32. gxf7 Bg5 33. b3
Bd2 34. c4 bxc4 35. bxc4 Bb4 36. h4 e4+ 37. Ke3 Bc5+ 38. Ke2 e3 39. h5 Nxf7 40.
Bxf7 Kxf7 41. g5 Kg7 1/2-1/2

[Event "Eric Hansen Classic"]
[Site "Calgary CAN"]
[Date "2019.08.13"]
[Round "1"]
[White "Campbell, Gordon"]
[Black "Wu, Jonathan"]
[Result "1-0"]
[WhiteElo "2056"]
[BlackElo "1151"]
[PlyCount "45"]
[EventDate "2019.08.13"]
[EventType "swiss"]
[EventRounds "5"]
[EventCountry "CAN"]

1. e4 e6 2. d4 d5 3. Nd2 c5 4. c3 Nc6 5. Ngf3 Nge7 6. dxc5 a5 7. Be2 g6 8. O-O
Bg7 9. exd5 Nxd5 10. Ne4 O-O 11. Nd4 Qe7 12. Bg5 f6 13. Bh4 Rd8 14. Bf3 Qc7 15.
Re1 Na7 16. Bg3 e5 17. b4 axb4 18. cxb4 Nxb4 19. Qb3+ Nd5 20. Nd6 Qxc5 21.
Bxd5+ Kf8 22. Bg8 Qxd4 23. Qf7# 1-0

[Event "Eric Hansen Classic"]
[Site "Calgary CAN"]
[Date "2019.08.13"]
[Round "1"]
[White "Culp, Josh"]
[Black "Srinivasan, Hemant"]
[Result "0-1"]
[WhiteElo "1297"]
[BlackElo "2044"]
[PlyCount "66"]
[EventDate "2019.08.13"]
[EventType "swiss"]
[EventRounds "5"]
[EventCountry "CAN"]

1. d4 d5 2. c4 e6 3. Nc3 Be7 4. Nf3 Nf6 5. Bf4 O-O 6. e3 Nbd7 7. c5 c6 8. Bd3
a5 9. a3 b6 10. b4 Re8 11. h3 Nf8 12. O-O Ng6 13. Bh2 Bf8 14. Qc2 Ba6 15. Na4
Bxd3 16. Qxd3 b5 17. Nb6 Ra7 18. Ne5 Nxe5 19. Bxe5 Nd7 20. Nxd7 Qxd7 21. f3 f6
22. Bh2 Rea8 23. Qc3 Ra6 24. e4 Qa7 25. exd5 exd5 26. bxa5 Rxa5 27. Qe3 Ra6 28.
Rfb1 Kh8 29. Rb3 Ra4 30. Qe6 Rxd4 31. Qxc6 Qxc5 32. Qxc5 Bxc5 33. Rxb5 Rd1# 0-1

[Event "Eric Hansen Classic"]
[Site "Calgary CAN"]
[Date "2019.08.13"]
[Round "1"]
[White "Haessel, Dale"]
[Black "Li, Avery"]
[Result "1-0"]
[WhiteElo "2251"]
[BlackElo "1482"]
[PlyCount "39"]
[EventDate "2019.08.13"]
[EventType "swiss"]
[EventRounds "5"]
[EventCountry "CAN"]

1. d4 d5 2. c4 c6 3. Nf3 Nf6 4. e3 Bf5 5. Nc3 h6 6. cxd5 cxd5 7. Qb3 b6 8. Bb5+
Nbd7 9. Nxd5 e6 10. Nxf6+ gxf6 11. O-O Be7 12. Bd2 O-O 13. Rac1 a6 14. Bc6 Ra7
15. e4 Bh7 16. Bxh6 Re8 17. Rfd1 Bf8 18. Be3 Re7 19. d5 Nb8 20. Bxb6 1-0

[Event "Eric Hansen Classic"]
[Site "Calgary CAN"]
[Date "2019.08.13"]
[Round "1"]
[White "Miller, Brian"]
[Black "Pavl, Connor"]
[Result "1-0"]
[WhiteElo "1835"]
[BlackElo "1096"]
[PlyCount "63"]
[EventDate "2019.08.13"]
[EventType "swiss"]
[EventRounds "5"]
[EventCountry "CAN"]

1. d4 d6 2. Nf3 Nf6 3. g3 g6 4. Bg2 Bg7 5. O-O Nbd7 6. c4 b6 7. Nc3 Bb7 8. Re1
O-O 9. e4 Ba6 10. b3 Ng4 11. Bb2 e5 12. h3 exd4 13. Nxd4 Ngf6 14. Nc6 Qe8 15.
Nd5 Bb7 16. Nxc7 Qc8 17. Ne7+ Kh8 18. Nxc8 Bxc8 19. Nxa8 Bb7 20. Nc7 Rc8 21.
Nd5 Nxd5 22. Bxg7+ Kxg7 23. exd5 Nf6 24. Re7 Re8 25. Rxb7 Nd7 26. Rxd7 Ra8 27.
Qf3 Rf8 28. Re1 a6 29. Ree7 b5 30. Rxf7+ Rxf7 31. Qxf7+ Kh8 32. Qxh7# 1-0

[Event "Eric Hansen Classic"]
[Site "Calgary CAN"]
[Date "2019.08.13"]
[Round "1"]
[White "Wang, Samuel"]
[Black "Chandra, Anand"]
[Result "0-1"]
[WhiteElo "1144"]
[BlackElo "2090"]
[PlyCount "72"]
[EventDate "2019.08.13"]
[EventType "swiss"]
[EventRounds "5"]
[EventCountry "CAN"]

1. d4 Nf6 2. Nc3 d5 3. Bf4 Bf5 4. Nf3 e6 5. e3 Be7 6. Be2 O-O 7. O-O a6 8. a3
Nbd7 9. h3 h6 10. Re1 c5 11. b3 Rc8 12. Nh4 Bh7 13. Nf3 cxd4 14. Na2 dxe3 15.
Bxe3 Bxc2 16. Qd2 Ne4 17. Qd4 Bf6 18. Qa4 Bxa1 19. Rxa1 Ndc5 20. Bxc5 Nxc5 21.
Qd4 Nxb3 22. Qb2 Nxa1 23. Qxa1 Qb6 24. Ne5 Qb1+ 25. Qxb1 Bxb1 26. Nd7 Rfd8 27.
Nb6 Rc6 28. Nxd5 Rxd5 29. Nb4 Rc1+ 30. Kh2 Ra5 31. Bf3 Rxa3 32. Bxb7 Rb3 33.
Be4 Bxe4 34. Nxa6 h5 35. h4 g5 36. g4 Rh1# 0-1

[Event "Eric Hansen Classic"]
[Site "Calgary CAN"]
[Date "2019.08.20"]
[Round "2"]
[White "Chandra, Anand"]
[Black "Miller, Brian"]
[Result "1-0"]
[WhiteElo "2090"]
[BlackElo "1835"]
[PlyCount "81"]
[EventDate "2019.08.13"]
[EventType "swiss"]
[EventRounds "5"]
[EventCountry "CAN"]

1. e4 c5 2. Nf3 g6 3. c3 d5 4. exd5 Qxd5 5. d4 Bg7 6. Be3 cxd4 7. cxd4 Nf6 8.
Nc3 Qa5 9. Bc4 O-O 10. O-O Rd8 11. Ne5 e6 12. Qf3 Nbd7 13. Nd3 Nb6 14. Bb3 Qh5
15. Qg3 Nbd5 16. Nxd5 Nxd5 17. Bg5 f6 18. Be3 b6 19. Rac1 Ba6 20. Nf4 Nxf4 21.
Qxf4 Bxf1 22. Bxe6+ Kh8 23. Rxf1 Qe2 24. b4 Qd3 25. h4 f5 26. h5 Qe4 27. Qxe4
fxe4 28. d5 Be5 29. hxg6 hxg6 30. g4 Kg7 31. Bg5 Rh8 32. Re1 Rh2 33. Rxe4 Bb8
34. Be7 Rh7 35. d6 Bxd6 36. Bxd6 Rd8 37. Be5+ Kf8 38. Bf6 Rd1+ 39. Kg2 Rc7 40.
g5 Rcc1 41. Rh4 1-0

[Event "Eric Hansen Classic"]
[Site "Calgary CAN"]
[Date "2019.08.20"]
[Round "2"]
[White "Eslahpazir, Roham"]
[Black "Haessel, Dale"]
[Result "1-0"]
[WhiteElo "1705"]
[BlackElo "2251"]
[PlyCount "51"]
[EventDate "2019.08.13"]
[EventType "swiss"]
[EventRounds "5"]
[EventCountry "CAN"]

1. d4 Nf6 2. c4 g6 3. Nc3 d5 4. e3 Bg7 5. Nf3 O-O 6. Be2 c5 7. O-O cxd4 8. exd4
Nc6 9. Ne5 dxc4 10. Nxc6 bxc6 11. Bxc4 Qd6 12. h3 Rd8 13. Qf3 Bf5 14. Rd1 Nd5
15. Ne4 Qb4 16. b3 Bxe4 17. Qxe4 Nc3 18. Qe1 Bxd4 19. Rxd4 Rxd4 20. Bh6 Rad8
21. a3 Qa5 22. Qxe7 Qf5 23. Re1 Ne4 24. Rxe4 Qxe4 25. Qxf7+ Kh8 26. Qg7# 1-0

[Event "Eric Hansen Classic"]
[Site "Calgary CAN"]
[Date "2019.08.20"]
[Round "2"]
[White "Li, Avery"]
[Black "Milne, Arthur"]
[Result "1-0"]
[WhiteElo "1482"]
[BlackElo "1661"]
[PlyCount "55"]
[EventDate "2019.08.13"]
[EventType "swiss"]
[EventRounds "5"]
[EventCountry "CAN"]

1. d4 b5 2. Nf3 Bb7 3. Bf4 a6 4. e3 d6 5. c4 c6 6. Nc3 Nd7 7. Bd3 Ngf6 8. O-O
e6 9. b3 Be7 10. Qc2 h6 11. h3 O-O 12. Rac1 Rc8 13. Ne4 Nxe4 14. Bxe4 Nf6 15.
Bd3 Qb6 16. Qe2 Nd7 17. Rfd1 Rfe8 18. Bg3 Bf8 19. Qc2 e5 20. dxe5 Nxe5 21. Nxe5
dxe5 22. Bf5 Rcd8 23. Be4 Ba3 24. Rxd8 Rxd8 25. Rd1 Bd6 26. Bh4 f6 27. Bh7+ Kh8
28. Rxd6 1-0

[Event "Eric Hansen Classic"]
[Site "Calgary CAN"]
[Date "2019.08.27"]
[Round "3"]
[White "Culp, Josh"]
[Black "Li, Avery"]
[Result "0-1"]
[WhiteElo "1297"]
[BlackElo "1482"]
[PlyCount "24"]
[EventDate "2019.08.13"]
[EventType "swiss"]
[EventRounds "5"]
[EventCountry "CAN"]

1. d4 d5 2. c4 c6 3. Nf3 Nf6 4. Nc3 Bf5 5. cxd5 cxd5 6. Bg5 e6 7. Ne5 Be7 8.
Qa4+ Nfd7 9. Bxe7 Qxe7 10. Nb5 O-O 11. Nc7 Nb6 12. Qc2 Bxc2 0-1

[Event "Eric Hansen Classic"]
[Site "Calgary CAN"]
[Date "2019.08.27"]
[Round "3"]
[White "Miller, Brian"]
[Black "Campbell, Gordon"]
[Result "0-1"]
[WhiteElo "1835"]
[BlackElo "2056"]
[PlyCount "59"]
[EventDate "2019.08.13"]
[EventType "swiss"]
[EventRounds "5"]
[EventCountry "CAN"]

1. d4 g6 2. Nf3 Bg7 3. g3 c5 4. c3 d5 5. Bg2 Na6 6. O-O Nf6 7. Re1 O-O 8. Nbd2
cxd4 9. cxd4 Bf5 10. Ne5 Rc8 11. e4 dxe4 12. Nxe4 Qb6 13. Qb3 Qxd4 14. Nf3 Qb4
15. Nxf6+ Bxf6 16. Bd2 Qxb3 17. axb3 Bxb2 18. Ra5 Rc5 19. Rxe7 Rd8 20. b4 Rxa5
21. bxa5 Nc5 22. h4 Be4 23. Be3 Ne6 24. Ng5 Ba3 25. Rxe6 Bxg2 26. Rf6 Bc6 27.
Nf3 a6 28. Rf4 Bd6 29. Rd4 Bxf3 30. Bg5 0-1

[Event "Eric Hansen Classic"]
[Site "Calgary CAN"]
[Date "2019.08.27"]
[Round "3"]
[White "Milne, Arthur"]
[Black "Wu, Jonathan"]
[Result "0-1"]
[WhiteElo "1661"]
[BlackElo "1151"]
[PlyCount "30"]
[EventDate "2019.08.13"]
[EventType "swiss"]
[EventRounds "5"]
[EventCountry "CAN"]

1. e4 e6 2. f4 d5 3. e5 c5 4. Nf3 Nc6 5. c3 Qb6 6. Na3 Bd7 7. Nc2 Rc8 8. Be2
Nh6 9. O-O Ng4 10. d4 f6 11. h3 Nh6 12. b4 cxd4 13. cxd4 Qc7 14. Bb2 Nxe5 15.
Nxe5 fxe5 0-1

[Event "Eric Hansen Classic"]
[Site "Calgary CAN"]
[Date "2019.08.27"]
[Round "3"]
[White "Pavl, Connor"]
[Black "Wang, Samuel"]
[Result "0-1"]
[WhiteElo "1096"]
[BlackElo "1144"]
[PlyCount "55"]
[EventDate "2019.08.13"]
[EventType "swiss"]
[EventRounds "5"]
[EventCountry "CAN"]

1. e4 e5 2. d4 exd4 3. c3 Nf6 4. cxd4 Nxe4 5. Bd3 Nf6 6. Nc3 d5 7. Nf3 Nc6 8.
O-O Be6 9. Be3 Bd6 10. Qd2 Qd7 11. Rad1 O-O 12. Rfe1 Rfe8 13. Qc2 h6 14. Bg5
hxg5 15. Nxg5 g6 16. Bxg6 fxg6 17. Qxg6+ Qg7 18. Qd3 Qxg5 19. h4 Qg7 20. Nb5
Nb4 21. Qd2 Ne4 22. Qc1 Bh3 23. g3 Bxg3 24. Qe3 Bxf2+ 25. Kh1 Bxe3 26. Rg1 Bxg1
27. Rd2 Nf2+ 28. Rxf2 0-1

[Event "Eric Hansen Classic"]
[Site "Calgary CAN"]
[Date "2019.08.27"]
[Round "3"]
[White "Srinivasan, Hemant"]
[Black "Eslahpazir, Roham"]
[Result "1-0"]
[WhiteElo "2044"]
[BlackElo "1705"]
[PlyCount "47"]
[EventDate "2019.08.13"]
[EventType "swiss"]
[EventRounds "5"]
[EventCountry "CAN"]

1. d4 Nf6 2. c4 c5 3. d5 e6 4. Nc3 exd5 5. cxd5 g6 6. e4 d6 7. Bf4 Bg7 8. Bb5+
Bd7 9. Qa4 Qe7 10. Bxd7+ Nbxd7 11. Nb5 Nxe4 12. Kf1 g5 13. Re1 f5 14. Nxd6+ Kf8
15. Nxf5 Qf7 16. Qxe4 gxf4 17. Qxf4 Qxd5 18. Nxg7+ Kxg7 19. Re7+ Kg6 20. Qg4+
Kf6 21. Qg7+ Kf5 22. g4+ Kf4 23. Ne2+ Kf3 24. Re3# 1-0

[Event "Etobicoke op"]
[Site "Toronto CAN"]
[Date "2019.06.01"]
[Round "2"]
[White "Supsup, Ferdinand"]
[Black "Yang, Lefan"]
[Result "1-0"]
[WhiteElo "1747"]
[BlackElo "1342"]
[PlyCount "49"]
[EventDate "2019.06.01"]
[EventType "swiss"]
[EventRounds "5"]
[EventCountry "CAN"]

1. e4 e6 2. d4 d5 3. e5 c5 4. c3 Nc6 5. Nf3 Qb6 6. Bd3 Bd7 7. O-O cxd4 8. cxd4
Nxd4 9. Nxd4 Qxd4 10. Nc3 Qxe5 11. Re1 Qc7 12. Nxd5 Qd6 13. Bc4 Bc6 14. Bf4 Qc5
15. Nc7+ Ke7 16. Nxa8 Qxc4 17. Qd6+ Kf6 18. Be5+ Kg6 19. Qxf8 f6 20. Bc3 Qd5
21. f3 Qg5 22. Kh1 h5 23. Nc7 e5 24. Ne6 Qh6 25. Nd8 1-0

[Event "Fall Pro-Am"]
[Site "Guelph CAN"]
[Date "2019.11.02"]
[Round "1.1"]
[White "Xu, Eddie"]
[Black "Migot, Tangi"]
[Result "0-1"]
[WhiteElo "2109"]
[BlackElo "2462"]
[PlyCount "40"]
[EventDate "2019.11.02"]
[EventType "swiss"]
[EventRounds "5"]
[EventCountry "CAN"]

1. d4 Nf6 2. c4 e6 3. Nf3 d5 4. Nc3 Bb4 5. Qa4+ Nc6 6. Bd2 a6 7. e3 O-O 8. Qc2
dxc4 9. Bxc4 Bd6 10. e4 e5 11. dxe5 Nxe5 12. Nxe5 Bxe5 13. O-O-O Qd4 14. Nd5
Nxd5 15. Bxd5 Qxf2 16. Qb3 c6 17. Be3 Bf4 18. Bxf7+ Kh8 19. Bxf4 Qxf4+ 20. Kb1
Rxf7 0-1

[Event "Fall Pro-Am"]
[Site "Guelph CAN"]
[Date "2019.11.02"]
[Round "2.1"]
[White "Migot, Tangi"]
[Black "Bui, Alan"]
[Result "1/2-1/2"]
[WhiteElo "2462"]
[BlackElo "2122"]
[PlyCount "183"]
[EventDate "2019.11.02"]
[EventType "swiss"]
[EventRounds "5"]
[EventCountry "CAN"]

1. e4 e5 2. Nf3 Nc6 3. Bb5 a6 4. Ba4 Nf6 5. O-O Be7 6. d3 b5 7. Bb3 d6 8. a4
Bd7 9. c3 O-O 10. Nbd2 Na5 11. Bc2 c5 12. Re1 Re8 13. Nf1 h6 14. h3 Bf8 15. Ng3
g6 16. d4 cxd4 17. cxd4 Rc8 18. axb5 axb5 19. b3 Qc7 20. Bd3 Qc3 21. Rb1 Nc6
22. Bd2 Qxd3 23. Re3 Qxb1 24. Qxb1 exd4 25. Re1 Be6 26. Ne2 d5 27. exd5 Bxd5
28. Nexd4 Rxe1+ 29. Qxe1 Ne4 30. Be3 b4 31. Nxc6 Rxc6 32. Nd4 Rc3 33. Nb5 Rxb3
34. Qd1 Bc4 35. Qg4 Nd6 36. Nxd6 Rb1+ 37. Kh2 Bxd6+ 38. f4 Be6 39. Qh4 g5 40.
Qxh6 Bxf4+ 41. Bxf4 gxf4 42. Qg5+ Kf8 43. h4 b3 44. Qd8+ Kg7 45. Qd4+ Kg8 46.
Qd8+ Kg7 47. Qd3 Rc1 48. Qd4+ Kh7 49. Qe4+ Kg8 50. Qxf4 Rc4 51. Qg5+ Kh7 52.
Qf6 Rg4 53. h5 b2 54. Qxb2 Rh4+ 55. Kg3 Rxh5 56. Qc2+ Bf5 57. Qe2 Bg6 58. Qe3
Rd5 59. Kh4 Rh5+ 60. Kg4 Rf5 61. Qh3+ Rh5 62. Qc3 Rd5 63. g3 Rh5 64. Kf4 Rf5+
65. Ke3 Rd5 66. Qc6 Re5+ 67. Kf4 Re4+ 68. Kg5 Re5+ 69. Kh4 Rh5+ 70. Kg4 Re5 71.
Qd6 Rh5 72. Kf3 Rf5+ 73. Ke3 Rg5 74. Qf4 Rf5 75. Qh4+ Rh5 76. Qe7 Rh1 77. Kd4
Rd1+ 78. Kc5 Rd3 79. Kc4 Kg8 80. g4 Kh7 81. Qh4+ Kg7 82. g5 Kg8 83. Qh6 Rd7 84.
Qh2 Rd8 85. Kc5 Rd3 86. Qb8+ Kh7 87. Qf8 Rd7 88. Kc4 Rd1 89. Qb8 Rd3 90. Qh2+
Kg8 91. Qb8+ Kh7 92. Qh2+ 1/2-1/2

[Event "Fall Pro-Am"]
[Site "Guelph CAN"]
[Date "2019.11.02"]
[Round "3.1"]
[White "Plotkin, Victor"]
[Black "D'Amore, Tyler"]
[Result "1-0"]
[WhiteElo "2383"]
[BlackElo "1946"]
[PlyCount "49"]
[EventDate "2019.11.02"]
[EventType "swiss"]
[EventRounds "5"]
[EventCountry "CAN"]

1. e4 e6 2. d4 d5 3. exd5 exd5 4. Nf3 Nf6 5. Bd3 Be7 6. O-O Bg4 7. Bf4 Nc6 8.
c3 Ne4 9. Qb3 Bxf3 10. gxf3 Ng5 11. Kh1 Na5 12. Qa4+ c6 13. Nd2 Ne6 14. Be3 Bd6
15. Rg1 a6 16. Qc2 b5 17. b3 Qf6 18. Rae1 h6 19. f4 O-O 20. f5 Nf4 21. Rg4 Nxd3
22. Qxd3 Rfe8 23. Reg1 Bf8 24. Bf4 Nb7 25. Qg3 1-0

[Event "Fall Pro-Am"]
[Site "Guelph CAN"]
[Date "2019.11.03"]
[Round "4.1"]
[White "Migot, Tangi"]
[Black "Plotkin, Victor"]
[Result "1/2-1/2"]
[WhiteElo "2452"]
[BlackElo "2383"]
[PlyCount "96"]
[EventDate "2019.11.02"]
[EventType "swiss"]
[EventRounds "5"]
[EventCountry "CAN"]

1. e4 e5 2. Nf3 Nf6 3. Nxe5 d6 4. Nf3 Nxe4 5. c4 Be7 6. Nc3 Nxc3 7. bxc3 O-O 8.
d4 d5 9. cxd5 Qxd5 10. Be2 c5 11. O-O cxd4 12. Nxd4 Nc6 13. Bf3 Qc4 14. Be3 Ne5
15. Be4 Ng4 16. Bd2 Rd8 17. Qf3 Bd6 18. h3 Nh2 19. Qh5 f5 20. Qg5 Rf8 21. Bc2
h6 22. Qg6 Rf6 23. Qxf6 gxf6 24. Bb3 Qxb3 25. axb3 Nxf1 26. Kxf1 Bd7 27. Ra5
Be5 28. Nf3 b6 29. Ra1 h5 30. Nxe5 fxe5 31. c4 a5 32. Bc3 e4 33. Rd1 Be6 34.
Rd6 Kf7 35. Rxb6 a4 36. Rb7+ Kg8 37. bxa4 Rxa4 38. g3 Rxc4 39. Bd2 f4 40. Bxf4
Bxh3+ 41. Ke2 Rc3 42. Re7 Bg4+ 43. Kd2 Rd3+ 44. Kc2 Bf3 45. Bd2 Kf8 46. Rc7 Ke8
47. Ra7 Rd7 48. Rxd7 Kxd7 1/2-1/2

[Event "Fall Pro-Am"]
[Site "Guelph CAN"]
[Date "2019.11.03"]
[Round "5.1"]
[White "Filipovich, David"]
[Black "Migot, Tangi"]
[Result "0-1"]
[WhiteElo "2208"]
[BlackElo "2462"]
[PlyCount "60"]
[EventDate "2019.11.02"]
[EventType "swiss"]
[EventRounds "5"]
[EventCountry "CAN"]

1. Nf3 d5 2. g3 g6 3. Bg2 Bg7 4. O-O e5 5. d3 Ne7 6. Nc3 O-O 7. e4 d4 8. Ne2 c5
9. Nd2 Nbc6 10. f4 exf4 11. Nxf4 Bd7 12. a4 a6 13. Nc4 b5 14. axb5 axb5 15.
Rxa8 Qxa8 16. Nb6 Qd8 17. Nxd7 Qxd7 18. Bd2 Ne5 19. Qe2 Ra8 20. Nd5 Nxd5 21.
exd5 Ng4 22. c3 h5 23. h3 Ne3 24. Bxe3 Re8 25. Kh2 Rxe3 26. Qd2 Be5 27. cxd4
Bxg3+ 28. Kh1 cxd4 29. Ra1 Bf4 30. Qb4 Rxh3+ 0-1

[Event "Golden Horseshoe op"]
[Site "Mississauga CAN"]
[Date "2019.06.08"]
[Round "1.1"]
[White "Li, Eric M"]
[Black "Noritsyn, Nikolay"]
[Result "0-1"]
[WhiteElo "2155"]
[BlackElo "2625"]
[PlyCount "82"]
[EventDate "2019.06.08"]
[EventType "swiss"]
[EventRounds "5"]
[EventCountry "CAN"]

1. d4 e6 2. Nf3 f5 3. c4 Nf6 4. Nc3 Bb4 5. Bd2 O-O 6. g3 d6 7. Bg2 Qe7 8. a3
Bxc3 9. Bxc3 Nbd7 10. O-O Ne4 11. Rc1 a5 12. b3 Nxc3 13. Rxc3 e5 14. e3 Nf6 15.
Qe2 Bd7 16. Rfc1 c5 17. Qb2 Rae8 18. b4 axb4 19. axb4 e4 20. Nd2 cxd4 21. exd4
Qf7 22. Re1 Be6 23. b5 d5 24. cxd5 Bxd5 25. Qc2 Qd7 26. Qb1 Qe6 27. Bh3 Nd7 28.
Nf1 Qh6 29. Bg2 Nf6 30. Ne3 Be6 31. Rc7 f4 32. Nf1 Bh3 33. Qb3+ Kh8 34. gxf4
Bxg2 35. Kxg2 Nh5 36. Kh1 Nxf4 37. Qg3 Nd3 38. Re2 Nf4 39. Re1 Re6 40. Qg1 Nh3
41. Qg3 Rg6 0-1